<?xml version="1.0" encoding="UTF-8"?>
<record
    xmlns:xsi="http://www.w3.org/2001/XMLSchema-instance"
    xsi:schemaLocation="http://www.loc.gov/MARC21/slim http://www.loc.gov/standards/marcxml/schema/MARC21slim.xsd"
    xmlns="http://www.loc.gov/MARC21/slim">

  <leader>01828nam a22002417a 4500</leader>
  <controlfield tag="003">OSt</controlfield>
  <controlfield tag="005">20210312162839.0</controlfield>
  <controlfield tag="008">210312s1994    mx aoc|gr|||| 00| 0 spa d</controlfield>
  <datafield tag="020" ind1=" " ind2=" ">
    <subfield code="a">9682958296</subfield>
  </datafield>
  <datafield tag="040" ind1=" " ind2=" ">
    <subfield code="a">CO-JMCR</subfield>
    <subfield code="c">CO-JMCR</subfield>
  </datafield>
  <datafield tag="041" ind1="0" ind2=" ">
    <subfield code="a">spa</subfield>
  </datafield>
  <datafield tag="082" ind1="0" ind2="4">
    <subfield code="a">759.972 / </subfield>
    <subfield code="b">M986p</subfield>
    <subfield code="2">23</subfield>
  </datafield>
  <datafield tag="110" ind1="2" ind2=" ">
    <subfield code="a">Museo de Arte Moderno M&#xE9;xico</subfield>
    <subfield code="9">36031</subfield>
  </datafield>
  <datafield tag="245" ind1="1" ind2="0">
    <subfield code="a">Pintores en M&#xE9;xico del siglo XX / </subfield>
    <subfield code="c">Museo de Arte Moderno M&#xE9;xico</subfield>
  </datafield>
  <datafield tag="260" ind1=" " ind2=" ">
    <subfield code="a">M&#xE9;xico : </subfield>
    <subfield code="b">Instituto Nacional de Bellas Artes : Banco de la Rep&#xFA;blica. Biblioteca Luis &#xC1;ngel Arango, </subfield>
    <subfield code="c">&#xA9;1994</subfield>
  </datafield>
  <datafield tag="300" ind1=" " ind2=" ">
    <subfield code="a">112 p&#xE1;ginas : </subfield>
    <subfield code="b">ilustraciones y fotograf&#xED;as a color ; </subfield>
    <subfield code="c">28 cm.</subfield>
  </datafield>
  <datafield tag="490" ind1="0" ind2=" ">
    <subfield code="a">Colecci&#xF3;n Museo de Arte Moderno M&#xE9;xico</subfield>
  </datafield>
  <datafield tag="505" ind1="0" ind2=" ">
    <subfield code="a">Pintores en M&#xE9;xico del Siglo XX -- Gilberto Aceves Navarro -- Arnold Belkin -- Lilia Carrillo -- Arnaldo Coen -- Pedro Coronel -- Francisco Corzas -- Jos&#xE9; Luis Cuevas -- Enrique Echeverr&#xED;a -- Xavier Esqueda -- Manuel Felgu&#xE9;rez -- Fernando Garc&#xED;a Ponce -- Gunther Gerzso -- Alberto Gironella -- Mathias Goeritz -- Roger Von Gunter -- Ricardo Mart&#xED;nez -- Carlos M&#xE9;rida -- Rodolfo Nieto -- Emilio Ortiz -- Antonio Pel&#xE1;ez -- Antonio Rodriguez Luna -- Vicente Rojo -- Waldemar Sjolander -- Juan Soriano -- Rufino Tamayo -- Francisco Toledo -- Cordelia Urueta -- Vlady</subfield>
  </datafield>
  <datafield tag="520" ind1="3" ind2=" ">
    <subfield code="a">La exposici&#xF3;n Pintores en M&#xE9;xico del siglo XX re&#xFA;ne a 29 artistas, donde todos representados en las colecciones del Museo de Arte Moderno de la ciudad de M&#xE9;xico, que tomaron los lenguajes ya oficializados de la llamada Escuela Mexicana como muro de rebote para hacer valer sus respectivos lenguajes, alejados del nacionalismo propiciado por los c&#xED;rculos art&#xED;sticos de car&#xE1;cter institucional.</subfield>
  </datafield>
  <datafield tag="650" ind1="1" ind2="4">
    <subfield code="a">Pintura mexicana</subfield>
    <subfield code="v">Colecciones</subfield>
    <subfield code="y">Siglo XX</subfield>
    <subfield code="9">36032</subfield>
  </datafield>
  <datafield tag="650" ind1="1" ind2="4">
    <subfield code="a">Pintores mexicanos</subfield>
    <subfield code="v">Colecciones</subfield>
    <subfield code="y">Siglo XX</subfield>
    <subfield code="9">36033</subfield>
  </datafield>
  <datafield tag="942" ind1=" " ind2=" ">
    <subfield code="2">ddc</subfield>
    <subfield code="c">BK</subfield>
  </datafield>
  <datafield tag="999" ind1=" " ind2=" ">
    <subfield code="c">15361</subfield>
    <subfield code="d">15361</subfield>
  </datafield>
  <datafield tag="952" ind1=" " ind2=" ">
    <subfield code="0">0</subfield>
    <subfield code="1">0</subfield>
    <subfield code="2">ddc</subfield>
    <subfield code="4">0</subfield>
    <subfield code="7">0</subfield>
    <subfield code="8">NFIC</subfield>
    <subfield code="a">CPL</subfield>
    <subfield code="b">CPL</subfield>
    <subfield code="d">2020-10-02</subfield>
    <subfield code="e">Donaci&#xF3;n</subfield>
    <subfield code="l">0</subfield>
    <subfield code="o">759.972 /  M986p</subfield>
    <subfield code="p">201810843</subfield>
    <subfield code="r">2024-05-16 00:00:00</subfield>
    <subfield code="t">Ej.1</subfield>
    <subfield code="w">2021-03-12</subfield>
    <subfield code="y">BK</subfield>
  </datafield>
</record>
